Top 20 Najgorszych Europejskich reprezentacji w piłce nożnej - Statystyki

Ogólne statystyki
  • Ten quiz został rozwiązany 253 razy
    53 od ostatniego zresetowania
  • Średni wynik to 17 z 20
Statystyki odpowiedzi
Miejsce Reprezentacja % Poprawnych
#210 San Marino
100%
#172 Andora
98%
#80 Kosowo
98%
#205 Liechtenstein
98%
#130 Estonia
96%
#140 Łotwa
96%
#146 Litwa
93%
#103 Luksemburg
93%
#99 Białoruś
91%
#158 Mołdawia
91%
#128 Cypr
87%
#88 Bułgaria
83%
#161 Malta
83%
#83 Czarnogóra
80%
#202 Gibraltar
76%
#125 Wyspy Owcze
76%
#127 Azerbejdżan
70%
#77 Izrael
67%
#106 Armenia
65%
#115 Kazachstan
59%
Nie znaleziono quizów pasujących do podanych kryteriów
Rozkład punktacji
Procent ludzi z każdym wynikiem
Percentyl według liczby udzielonych odpowiedzi
Twoja historia wyników
Nie rozwiązałeś tego quizu od ostatniego zresetowania